| 000 | 00341nam a2200133 i 4500 | ||
|---|---|---|---|
| 001 | bgj | ||
| 100 | 1 | _aFISHER, Ron | |
| 245 | 0 |
_aMountain adventure : _bexploring the Appalachian Trail / _cRon Fisher. |
|
| 260 |
_aWashington D.C., _ccop. 1988. |
||
| 040 | _cBPK | ||
| 041 | _aeng | ||
| 942 | _cKS | ||
| 008 | s uk f |000 0 eng | ||
| 999 |
_c47609 _d47609 |
||
| 856 |
_uhttp://koha.tu.koszalin.pl/cgi-bin/koha/opac-detail.pl?biblionumber=47609 _yKatalog online BPK |
||